000 00346nam a2200133Ia 4500
008 151001s9999||||xx |||||||||||||| ||und||
100 _aमनमोहन लोककवी
245 _aआनंद घन
250 _a1
260 _bसुरस प्रकाशन पंजाब
260 _c1975
300 _a160
365 _b18
999 _c957718
_d957715